000 00360pam a2200157 a 4500
020 _a9781444122305
_c
041 _aeng
082 _a618.2
_bBAK
100 _aBAKER P.N KENNY L . C .
245 _aOBSTRICS BY TEN TEACHERS
_hTextual Documents
250 _a19.
260 _bCAREER
300 _a319:
_bXIV;
_cPB.
930 _a7599
999 _c802126
_d802126
650 _aOBST.GYNE